| 000 | 00426cas a2200157 4500 | ||
|---|---|---|---|
| 008 | 091222n eng u | ||
| 022 | _a0081 0266 | ||
| 035 | _a(Sirsi) a168079 | ||
| 050 | _aQE701.S54 | ||
| 245 | _aSMITHSONIAN CONTRIBUTION TO PALEOBIOLOGY | ||
| 260 |
_aWashington: _b Smithsonian Institute Press |
||
| 310 | _aIrregular | ||
| 362 | _aV. No.87, 1998 | ||
| 500 | _aMonographic Series | ||
| 650 | _aPaleontology | ||
| 999 |
_c8991 _d8991 |
||